Normal view MARC view

Entry Personal Name

Number of records used in: 2

001 - CONTROL NUMBER

  • control field: 28647

003 - CONTROL NUMBER IDENTIFIER

  • control field: dpl

005 - DATE AND TIME OF LATEST TRANSACTION

  • control field: 20110620121104.0

008 - FIXED-LENGTH DATA ELEMENTS

  • fixed length control field: 110620|||a|||||| | ||| d

040 ## - CATALOGING SOURCE

  • Original cataloging agency: dpl
  • Transcribing agency: dpl

100 ## - HEADING--PERSONAL NAME

  • Personal name: कुलकर्णी,चंद्रशेखर

670 ## - SOURCE DATA FOUND

  • Source citation: Work cat.: (dpl): भोगले,हर्षा 28644, आऊट ऑफ द बॉक्स :, 2011

670 ## - SOURCE DATA FOUND

  • Source citation: Work cat.: (dpl): भोगले,हर्षा 28644, आऊट ऑफ द बॉक्स :, 2011

© Delhi Public Library
Hit Counter
free hit counter